The offspring title in lyrics quiz - Statistics

General Stats
  • This quiz has been taken 69 times
  • The average score is 9 of 20
Answer Stats
Hint Answer % Correct
Give it to me baby aha-ahaand all the girlies say I´m ______ ___ ___ _ _____ ___ Pretty fly for a white guy
93%
I may be dumb, but I´m not a dweebI´m just a sucker with no ____ _____ Self Esteem
89%
He´s saying I´m on a roll with alle the girls i knowI know you want to ___ ____, I know you want to ___ ____, ___ ____ Hit that
65%
Dog eat Dog to get byhope you like my ________ Genocide
57%
____ ___ ____ walked trough a room passed around youbut it was more like a room passed around you Have you ever
57%
Saying all i know isI _____ ___ ____ from me Gotta get away
52%
Can you stay strong? Can you go on?______ ___ ___ _____ ____? Kristy are you doing okay
50%
Memories are bittersweetThe good days we ___´_ ______ Cant repeat
48%
Your enemy´s you and so is your life ( your life)____ boy Mota
48%
Don´t turn away, don´t turn away____ ___ ________, come out a lone come out swinging
39%
Underneath we´ll tear you down_______ ____ ___ ___________ Secrets from the Underground
39%
The more you saythe more I ____ ___ Defy you
37%
oh, oh _______ _____ ____I can´t stay, I can´t stay Million miles away
37%
And my oh myjust the two of us in ___________ Nothingtown
37%
__ ___ __ ___ ____sit and sip a whine Me and my old lady
33%
_______! I´ll never learn_______! God knows I try Session
33%
Oh baby, ___ ___ ___ _____ ____, oh oh oh ohOh baby, ___ ___ ___ _____ ____, oh oh-oh oh Let the bad times roll
30%
The walls come tumbling down__ ___ ___, we are free we are one
26%
While the lost keep on searchingI´m the ____ __ ___ Army of one
24%
I´ll sink into the night and I´m turning of the Light´cause ___ ______ __ ___ The future is now
24%
No matching quizzes found
Score Distribution
Percent of People with Each Score
Percentile by Number Answered
Your Score History
You have not taken this quiz